000 00641cam a2200145 4500500
005 20260426010549.0
041 _afre
042 _adc
100 1 0 _aCottin, Jérôme
_eauthor
245 0 0 _aAlex Stock, Bilderfragen. Theologische Gesichtspunkte, Paderborn/Munich/Vienne/Zurich, Schöningh Verlag, coll. « Ikon », 2004. 23 cm. 242 p. ISBN 3-506-70250-5. € 24, 90
260 _c2005.
500 _a11
786 0 _nÉtudes théologiques et religieuses | 80 | 3 | 2005-09-01 | p. 431l-442l | 0014-2239
856 4 1 _uhttps://shs.cairn.info/revue-etudes-theologiques-et-religieuses-2005-3-page-431l?lang=fr&redirect-ssocas=7080
999 _c2222524
_d2222524